01255nam a22001937a 450000500170000000800410001702000180005804000070007604100120008308200220009510000290011724500780014626000410022430000300026552006940029565000300098970000200101970000220103920230607144214.0230607b ||||| |||| 00| 0 eng d a9781446266533 cAL aEnglish 223a344.410bSEYP aClare Seymour and others aPractical Child Law for Social Workers: A Guide to English Law and Policy aLos AngelesbSage Publicationsc2013 axiv,214 p.bPBc24x17 cm. aThe English legal system in the area of social work with children and families can be bewildering and complex and it is vital therefore that any textbook on the subject uses case law, case studies and research to critically-engage social workers and students alike. This book does just that - by examining, and putting into clear practical context, the current law and policy relating to social work with children and families. A guide for both students on placement as well as Newly Qualified Social Workers (NQSWs) entering their first roles within children and families teams, Practical Child Law for Social Workers is essential reading for a fast-paced and complex area of social work. aSocial Labour Welfare Law aSEYMOUR (Clare) aSEYMOUR (Richard)